000
00287nam a22001337a 4500
008
180116b xxu||||| |||| 00| 0 eng d
020
_a
9780312228958
041
_a
eng
080
_a
336 MAR
100
_a
39
101
_a
FIN
245
_a
GrantFinder
_c
MARTIN'S.ST
942
_2
udc
_c
BK
999
_c
40325
_d
40325